<?xml version="1.0" encoding="UTF-8"?>
<record
    xmlns:xsi="http://www.w3.org/2001/XMLSchema-instance"
    xsi:schemaLocation="http://www.loc.gov/MARC21/slim http://www.loc.gov/standards/marcxml/schema/MARC21slim.xsd"
    xmlns="http://www.loc.gov/MARC21/slim">

  <leader>00765nam a22002417a 4500</leader>
  <controlfield tag="003">UA-OsUOA</controlfield>
  <controlfield tag="001"> 127649 </controlfield>
  <controlfield tag="007">ta</controlfield>
  <controlfield tag="008">20171208b un ||||| |||| 00| 0 ukr d</controlfield>
  <datafield tag="100" ind1=" " ind2=" ">
    <subfield code="a">&#x427;&#x443;&#x433;&#x430;&#x439; &#x41C;.</subfield>
  </datafield>
  <datafield tag="090" ind1=" " ind2=" ">
    <subfield code="a">82.09(477)</subfield>
    <subfield code="b">&#x427;-83</subfield>
  </datafield>
  <datafield tag="942" ind1=" " ind2=" ">
    <subfield code="c">BK</subfield>
  </datafield>
  <datafield tag="040" ind1=" " ind2=" ">
    <subfield code="a">UA-OsUOA</subfield>
    <subfield code="b">ukr</subfield>
    <subfield code="c">UA-OsUOA</subfield>
    <subfield code="d">UA-OsUOA</subfield>
  </datafield>
  <datafield tag="245" ind1=" " ind2=" ">
    <subfield code="a">&#x41D;&#x435; &#x432;&#x442;&#x440;&#x430;&#x447;&#x435;&#x43D;&#x456; &#x456;&#x43B;&#x44E;&#x437;&#x456;&#x457; &#x412;&#x456;&#x43A;&#x442;&#x43E;&#x440;&#x430; &#x413;&#x430;&#x43C;&#x430;&#x43D;&#x430;</subfield>
    <subfield code="b">&#x43A;&#x43D;&#x438;&#x433;&#x430;-&#x435;&#x441;&#x435; &#x43F;&#x440;&#x43E; &#x43F;&#x438;&#x441;&#x44C;&#x43C;&#x435;&#x43D;&#x43D;&#x438;&#x43A;&#x430;, &#x44F;&#x43A;&#x438;&#x439; &#x43F;&#x43E;&#x432;&#x435;&#x440;&#x43D;&#x443;&#x432;&#x441;&#x44F; &#x437; &#x43F;&#x43E;&#x43B;&#x456;&#x442;&#x438;&#x43A;&#x438; &#x432; &#x43B;&#x456;&#x442;&#x435;&#x440;&#x430;&#x442;&#x443;&#x440;&#x443;</subfield>
  </datafield>
  <datafield tag="300" ind1=" " ind2=" ">
    <subfield code="a">264 &#x441;.</subfield>
  </datafield>
  <datafield tag="955" ind1=" " ind2=" ">
    <subfield code="a">2</subfield>
  </datafield>
  <datafield tag="041" ind1=" " ind2=" ">
    <subfield code="a">ukr</subfield>
  </datafield>
  <datafield tag="080" ind1=" " ind2=" ">
    <subfield code="a">82.09(477)</subfield>
  </datafield>
  <datafield tag="020" ind1=" " ind2=" ">
    <subfield code="a">966-581-808-2</subfield>
  </datafield>
  <datafield tag="260" ind1=" " ind2=" ">
    <subfield code="a">&#x41A;.</subfield>
    <subfield code="b">&#x41B;&#x43E;&#x433;&#x43E;&#x441;</subfield>
    <subfield code="c">2007</subfield>
  </datafield>
  <datafield tag="650" ind1=" " ind2="7">
    <subfield code="a">82 &#x41B;&#x456;&#x442;&#x435;&#x440;&#x430;&#x442;&#x443;&#x440;&#x430;. &#x41B;&#x456;&#x442;&#x435;&#x440;&#x430;&#x442;&#x443;&#x440;&#x43E;&#x437;&#x43D;&#x430;&#x432;&#x441;&#x442;&#x432;&#x43E;</subfield>
    <subfield code="2">UDC</subfield>
  </datafield>
  <datafield tag="999" ind1=" " ind2=" ">
    <subfield code="c">414924</subfield>
    <subfield code="d">414924</subfield>
  </datafield>
  <datafield tag="952" ind1=" " ind2=" ">
    <subfield code="0">0</subfield>
    <subfield code="1">0</subfield>
    <subfield code="2">udc</subfield>
    <subfield code="4">0</subfield>
    <subfield code="7">0</subfield>
    <subfield code="8">C_ZHULYNSKYI</subfield>
    <subfield code="a">101</subfield>
    <subfield code="b">101</subfield>
    <subfield code="d">2017-12-08</subfield>
    <subfield code="e">54/2017</subfield>
    <subfield code="g">21.00</subfield>
    <subfield code="i">157439</subfield>
    <subfield code="l">0</subfield>
    <subfield code="o">82.09(477) &#x427;-83</subfield>
    <subfield code="p">157439</subfield>
    <subfield code="r">2022-08-30 00:00:00</subfield>
    <subfield code="w">2017-12-08</subfield>
    <subfield code="y">BK</subfield>
  </datafield>
</record>
